00868nam a22002657a 4500003000600000005001700006008004100023010001200064020001500076040000600091050002400097100002200121245006000143250001300203260004500216300002700261440005300288504003600341650003300377700003500410700003900445700003900484700003800523700004100561AUA.120150407164907.0111222t xxu||||| |||| 00| 0 eng d a8171768 a0785250913 cF aBS 491.2b.W67 2003 aDeVries, Simon J. aWord Biblical commentary :b1 Kings /cSimon J. DeVries a2nd. ed. aNashville :bThomas Nelson Pub.,cc2003. alxiv, 286 p. :c24 cm. aWord Biblical commentary :nv.12, second edition aInclude bibliography and index. v1 KingsxBibleyCommentaries aMetzger, Bruce M.4General ed. aJohn D.W. Watts4Old Testament ed. aWatts, James W.4Old Testament ed. aRalph P.Martin4New Testament ed. aLosie, Lynn Allan4New Testament ed.